| 000 | 00489nam a22001697a 4500 | ||
|---|---|---|---|
| 005 | 2012011600430.0 | ||
| 020 |
_a9788189020323 _c80.00 |
||
| 037 |
_aDPL _bPUB |
||
| 082 | _aS | ||
| 245 |
_aThe sky queen / _c prestnted by Mamang dai; art by Srivi |
||
| 250 | _a2nd (repr) | ||
| 260 |
_aNew Delhi _bKatha _c2009 |
||
| 270 |
_aA3 Sarvodaya Enclave, Sri Aurbindo Marg _bNew Delhi _e110017 |
||
| 300 |
_aunpaged. _bcol.ill _c20cm (pbk) |
||
| 942 |
_2ddc _cCH _hS _mSKY |
||
| 999 |
_c61010 _d61010 |
||